00976nam a2200181 a 4500001001000000003000900010005001700019008004100036040002500077049000900102082001500111245043000126260007400556300002000630942001400650952011300664999001700777000030019DO-SdBNP20210630094006.0110428s1957 dr c 000 0 spa d aDO-SdBNPbspacBNPHU aBNPD axxxxbH76500aHomenaje que las Fuerzas Armadas de la nación rinden a su comandante en jefe su excelencia el generalísimo Rafael Trujillo Molina, benefactor de la patria y padre de la patria nueva, en ocasión de la juramentación del excelentísimo señor presidente de la república , general Héctor Bienvenido Trujillo Molina y del honorable señor vice-presidente Joaquín Balaguer para el período presidencial 1957-1962. aSanto Domingo :bSecretaría de Estado de la Fuerzas Armadas,c1957. a19 p. ;c20 cm. 2ddccLBS1 0010718PDaPDbPDcCTd2011-04-28iLF1l0oxxxx H765p30019-10r2020-06-25w2020-06-25yLFPDZNo se presta c29511d29511